000 01142nam a22003615a 4500
001 002730
003 armpunfd
005 20140612090713.0
008 140505s2003####ag############000#0#und#d
020 _a9502015118
040 _aarmpunfd
_carmpunfd
080 _a35 D 444
100 1 _aComadira, Julio R,
_d2003.
245 1 0 _aDerecho administrativo :
_bActo Administrativo; procedimiento Administrativo; Otros Estudios /
_cComadira, Julio R.
250 _a2ยช Ed.
260 _aBuenos Aires :
_bAbeledo- Perrot,
_c2003.
300 _a864 p ;
_c23 X 16 Cm.
650 7 _aActo Administrativo
_2LEMB
650 7 _aCaso Furlotti
_2LEMB
650 7 _aCaso Gorordo
_2LEMB
650 7 _aCaso Legon
_2LEMB
650 7 _aDerecho Administrativo
_2LEMB
650 7 _aEtica Publica
_2LEMB
650 7 _aFuncion Publica
_2LEMB
650 7 _aLicitacion Publica
_2LEMB
650 7 _aNulidades
_2LEMB
650 7 _aProcedimiento Administrativo
_2LEMB
650 7 _aReglamentos Delegados
_2LEMB
650 7 _aResponsabilidad de Estado
_2LEMB
650 7 _aSindicatura General de la Nacion
_2LEMB
942 _c
_2cdu
945 _asa
_d2014-05-22
999 _c2618
_d233122